| 000 | 00939nam a2200289 a 4500 | ||
|---|---|---|---|
| 001 | BRL_1094 | ||
| 005 | 20190320211031.0 | ||
| 008 | 111113s1952----mx-a######---#000-0#spa-# | ||
| 041 | _aspa | ||
| 044 | _amx | ||
| 050 | 4 |
_aF1219.3.A7 _b.T67 1952 |
|
| 100 | 1 |
_aToscano, Salvador _911443 |
|
| 245 | 1 | 0 |
_aArte precolombino de México y América Central _cSalvador Toscano ; prólogo de Manuel Toussaint. |
| 250 | _a2a ed. | ||
| 260 |
_aMéxico _bUNAM, Instituto de Investigaciones Estéticas _c1952 |
||
| 300 |
_axxvi, 561 p. _bil. _c34 cm. |
||
| 500 | _aAu1245 | ||
| 500 | _aIncluye bibliografía | ||
| 500 | _aIncluye índice de nombres | ||
| 650 | 1 | 4 |
_aArte indígena _zMéxico _9597 |
| 650 | 1 | 4 |
_aArte indígena _zAmérica Central _925340 |
| 651 | 4 |
_aMéxico _xAntigüedades _92765 |
|
| 651 | 4 |
_aAmérica Central _xAntigüedades _923855 |
|
| 700 | 1 |
_aToussaint, Manuel, _d1890-1955 _epról. _925786 |
|
| 902 | _aGRL | ||
| 942 |
_2lcc _cB |
||
| 999 |
_c9906 _d9906 |
||